Principios de geología y geotecnia para ingenieros : geología, mecánica del suelo y de las rocas, y otras ciencias geológicas empleadas en ingeniería civil
Gardado en:
| Autor Principal: | |
|---|---|
| Outros autores: | |
| Formato: | Libro |
| Idioma: | Spanish |
| Publicado: |
Barcelona : Omega
1975
|
| Edición: | 4 |
| Materias: | |
| Etiquetas: |
Engadir etiqueta
Sen Etiquetas, Sexa o primeiro en etiquetar este rexistro!
|
MARC
| LEADER | 00000nam a2200000Ia 4500 | ||
|---|---|---|---|
| 003 | 003845 | ||
| 005 | 20230809092839.0 | ||
| 008 | 140114s1975 sp a 000 ||spa d | ||
| 040 | |c cru CEDI | ||
| 100 | |a Krynine, Dimitri Pavlovitch, n. 1877- |9 1050 | ||
| 245 | |a Principios de geología y geotecnia para ingenieros : geología, mecánica del suelo y de las rocas, y otras ciencias geológicas empleadas en ingeniería civil | ||
| 250 | |a 4 | ||
| 260 | |a Barcelona : Omega |c 1975 | ||
| 300 | |a 829 páginas : ilustraciones | ||
| 650 | |x GEOLOGIA APLICADA |x MECANICA DE SUELOS | ||
| 700 | |9 1051 |a Judd, William R. | ||
| 942 | |2 ddc |c CEDI |h 624.151 K94p4 |6 624_151000000000000_K94P4 | ||
| 999 | |c 13134 |d 13134 | ||
